| 000 | 01004cam a2200289 i 4500 | ||
|---|---|---|---|
| 999 |
_c52627 _d52627 |
||
| 001 | 52627 | ||
| 003 | Mx-PuUPA | ||
| 005 | 20191008160233.0 | ||
| 008 | 140415s1997 mx r 000 0 spa d | ||
| 020 | _a9687681586 (t.1) | ||
| 020 | _a9687681594 (t.2) | ||
| 040 |
_aMx-PuUPA _bspa _cMx-PuUPA _dMx-PuUPA _erda |
||
| 041 | 0 | _aspa | |
| 100 | 1 |
_aSantillana González, Juan Ramón, _99039 _eautor |
|
| 245 | 1 | 0 |
_aManual del auditor / _cJuan Ramón Santillana González |
| 250 | _aPrimera edición | ||
| 264 | 1 |
_aMéxico, D.F. : _bEdiciones Contables, Andministrativas y Fiscales, _c1997 |
|
| 300 |
_a2 volúmenes (paginación varía) ; _c23 cm. |
||
| 336 |
_2rdacontent _atexto _btxt |
||
| 337 |
_2rdamedia _asin medio _bn |
||
| 338 |
_2rdacarrier _avolumen _bnc |
||
| 505 | 0 |
_gt.1. _tElementos de auditoria - _gt.2. _tAuditoria interna integral y auditoria gubernamental. |
|
| 650 | 4 | _aAuditoria | |
| 942 |
_2ddc _cLI _h657.45 _iS194 |
||